• 首页
  • 本馆介绍
  • 公告通知
  • 最新文献
  • 馆藏检索
  • 电子资源
  • 读者导购
  • 参考咨询
  • 我的图书馆
  • 登录
  • 详细信息显示
  • 放入我的书架
  • 预约/预借图书
  • 作者相关作品
  • 分类相关作品
  • 丛书相关作品
  • 出版社相关作品

书目信息

  • 表格格式
  • 工作单格式
  • 卡片格式
题名:
建立课堂纪律
    
 
作者: Charles 著 ;李庆 , 孙麒 译
分册:  
出版信息: 北京   中国轻工业出版社  2003
页数: 12,264页
开本: 24cm
丛书名: 基础教育改革与发展译丛
单 册:
中图分类: G441
科图分类:
主题词: 课堂纪律--研究--中小学 , 教育心理学
电子资源:
ISBN: 7-5019-3884-9
000 01206oam2 2200337 45
001 060000005969
005 20051226091020.40
010    @a7-5019-3884-9@dCNY32.00
092    @aCN
100    @a20040818d2003 ekmy0chiy0120 ea
101 1  @achi@ceng
102    @aCN@b110000
105    @ac z 000yy
200 1  @a建立课堂纪律@9jian li ke tang ji lu^@f(美)C.M.Charles著@F(mei)C.M.Charles zhu@g李庆,孙麒译
210    @a北京@c中国轻工业出版社@d2003
215    @a12,264页@c肖像@d24cm
225 2  @a基础教育改革与发展译丛@i教育教学管理系列
305    @a本书原版英文版为第7版,译版中文版为第1版
305    @a本书中文简体版由美国培生教育有限公司授权中国轻工业出版社出版
330    @a全书讲述了17种纪律模式,从历史的角度进行了总结和回顾,使读者了解当今各种纪律方法的发展,并详细阐述了其中的应用模式。
454  1 @12001 @aBuilding Classroom Discipline@1701 1@aCharles@bC.M.
461  0 @12001 @a基础教育改革与发展译丛
462  0 @12001 @a教育教学管理系列
606 0  @a课堂纪律@x研究@x中小学
606 0  @a教育心理学
690    @aG441@v4
701  0 @aCharles@4著
702  0 @a李庆@9li qing@4译
702  0 @a孙麒@9sun qi@4译
801  0 @aCN@bCXYBOOK@c20051226
905    @a10447@dG441@e103
    
    建立课堂纪律/(美)C.M.Charles著/李庆,孙麒译.-北京:中国轻工业出版社,2003
    12,264页:肖像;24cm.-(基础教育改革与发展译丛.教育教学管理系列)
    译自:
    
    ISBN 7-5019-3884-9:CNY32.00
    全书讲述了17种纪律模式,从历史的角度进行了总结和回顾,使读者了解当今各种纪律方法的发展,并详细阐述了其中的应用模式。
●
相关链接 在E读中查询图书 在五车中查询图书 在当当中查询图书 在豆瓣中查询图书


正题名:建立课堂纪律     索取号:G441/103         预约/预借

序号 登录号 条形码 馆藏地/架位号 状态 备注
1 0372467   203724675   第一样本阅览室/ [索取号:G441/103] 在馆    
2 0372468   203724684   第四借阅区/ [索取号:G441/103] 在馆    
3 0372469   203724693   密集书库/ [索取号:G441/103] 在馆    
4 0372470   203724700   密集书库/ [索取号:G441/103] 在馆    
5 0372471   203724719   第四借阅区/ [索取号:G441/103] 在馆    
6 0372472   203724728   第四借阅区/ [索取号:G441/103] 在馆    
7 0372473   203724737   第四借阅区/ [索取号:G441/103] 在馆    
8 0372474   203724746   密集书库/ [索取号:G441/103] 在馆    
唐山师范学院图书馆 欢迎您!
大连网信软件有限公司© 版权所有